000 01459nab a22002417a 4500
999 _c4936
_d4936
003 OSt
005 20230721120326.0
008 190604e xxu||||| |||| 00| 0 spa d
040 _cPJ
100 _96120
_aCosentino, Gabriela M.
245 1 3 _aEl dec. 779/2022 reglamentario de la ley 25.916 de Presupuestos Mínimos de Protección Ambiental para la Gestión Integral de los Residuos Domiciliarios:
_bconsideraciones preliminares /
_cGabriela M. Cosentino.
260 _aCiudad Autónoma de Buenos Aires :
_bThomson Reuters La Ley,
_c2023.
300 _ap. 45-59
500 _aCita Online: AR/DOC/561/2023.
505 _aSumario: I. Enfoque y perspectiva.— II. La ley 25.916 de PMPA-GIRD.— III. Los Presupuestos Mínimos de Protección Ambiental.— IV. El dec. 779/2022, reglamentario de la ley 25.916 de PMPA-GIRD. Alcance y contenido.— V. Reflexiones y consideraciones.
505 _tSi te interesa el texto, comunicate: koha@justierradelfuego.gov.ar
650 0 _92848
_aDERECHO AMBIENTAL
650 0 _92849
_aPROTECCIÓN DEL MEDIO AMBIENTE
650 0 _95536
_aRESIDUOS DOMICILIARIOS
773 0 _02714
_93171
_dCiudad Autónoma de Buenos Aires : Thomson Reuters La Ley, 2014-
_tRevista anales de legislación argentina. Nº 4 - Abril 2023.
856 _yNormativa comentada: Decreto Reglamentario Nº 779/2022
_uhttps://www.justierradelfuego.gov.ar/wp-content/uploads/2023/07/DECRETO-779-2022-REGLAMENTARIO-LEY-25.916.pdf
942 _2udc
_cANA